000 00576nam a22002177a 4500
003 UA-OsUOA
001 36897
007 ta
008 20060216b un ||||| |||| 00| 0 ukr d
100 _aМединська Ю.
090 _a008
_bМ11
942 _cSA
040 _aUA-OsUOA
_bukr
_cUA-OsUOA
_dUA-OsUOA
245 _aВітакультурна парадигма та постмодернізм
300 _aС.47-53
955 _a0
041 _aukr
080 _a008
773 0 _w36893
650 7 _a008 Цивілізація. Культура. Прогрес
_2UDC
999 _c323127
_d323127